000 00327nam a22001457a 4500
003 SGT
020 _a978-93-83290
082 _a615.19
_bC18K
100 _aKABRA,RUCHIKA
245 _aCONCISE IN PHARMACEUTICAL CHEMISTRY-1
260 _aJALANDHAR
_bS.VIKASH
_c2018
300 _a176
650 _aPHARMACY
942 _2ddc
_cBK
_04
999 _c17357
_d17357